[Event "Sopo Region-ch (Women)"]
[Site "Sopo"]
[Date "2021.07.24"]
[Round "2"]
[White "Alvarado Quintero, Laura Natalia"]
[Black "Velasquez, Angie Gabriela"]
[Result "0-1"]
[WhiteElo "1323"]
[BlackElo "1914"]
[PlyCount "84"]
[EventDate "2021.07.24"]
[EventType "swiss"]
[EventRounds "5"]
[EventCountry "COL"]
[SourceTitle "EXT 2022"]
[Source "ChessBase"]
[SourceDate "2021.10.06"]
[SourceVersion "1"]
[SourceVersionDate "2021.10.06"]
[SourceQuality "1"]

1. e4 c5 2. Nf3 d6 3. d4 cxd4 4. Nxd4 Nf6 5. Nc3 g6 6. f3 Bg7 7. Be3 Nc6 8. Qd2 0-0 9. Bc4 Bd7 10. 0-0-0 Rc8 11. Bb3 a6 12. g4 b5 13. h4 Ne5 14. h5 Nc4 15. Qe2 Nxe3 16. Qxe3 b4 17. Nce2 a5 18. c3 Qc7 19. hxg6 hxg6 20. Rh2 a4 21. Bc2 bxc3 22. Nxc3 a3 23. Rdh1 axb2+ 24. Kxb2 Qb6+ 25. Bb3 Nxg4 26. fxg4 Qxd4 27. Qxd4 Bxd4 28. Rh3 Rxc3 29. Rxc3 Rc8 30. Rhc1 Bxg4 31. a4 Kf8 32. a5 Bxc3+ 33. Rxc3 Ra8 34. Bd5 Rxa5 35. Rg3 Bd7 36. Rf3 e6 37. Ba2 Re5 38. Bb1 Bc6 39. Rf4 Rb5+ 40. Ka1 Rb4 41. Rg4 Kg7 42. Rh4 f5 0-1

[Event "COL-ch Cat B/C U2200"]
[Site "Medellin"]
[Date "2021.06.14"]
[Round "7"]
[White "Velasquez, Angie Gabriela"]
[Black "Lopez Ramirez, Daniel Giovanny"]
[Result "1-0"]
[WhiteElo "1942"]
[BlackElo "1812"]
[PlyCount "77"]
[EventDate "2021.06.10"]
[EventType "swiss"]
[EventRounds "7"]
[EventCountry "COL"]
[SourceTitle "EXT 2022"]
[Source "ChessBase"]
[SourceDate "2021.10.06"]
[SourceVersion "1"]
[SourceVersionDate "2021.10.06"]
[SourceQuality "1"]

1. e4 Nf6 2. e5 Nd5 3. c4 Nb6 4. d4 d6 5. exd6 cxd6 6. Nc3 g6 7. Be3 Bg7 8. Nf3 Nc6 9. Rc1 Bg4 10. b3 d5 11. c5 Nc8 12. Be2 Bxf3 13. Bxf3 e6 14. 0-0 0-0 15. Qd2 N8e7 16. Rfd1 Nf5 17. Ne2 h5 18. g3 Qa5 19. Qxa5 Nxa5 20. Bd2 Nc6 21. Bc3 b5 22. Bg2 b4 23. Bb2 g5 24. f3 a5 25. Bh3 g4 26. fxg4 hxg4 27. Bg2 a4 28. h3 axb3 29. axb3 Ra2 30. Rb1 Na5 31. hxg4 Ne3 32. Rd3 Nxg2 33. Kxg2 Nc4 34. bxc4 dxc4 35. Rd2 Rd8 36. Bc3 Rxd2 37. Bxd2 Bxd4 38. Nxd4 Rxd4 39. Bxb4 1-0

[Event "COL-ch Cat B/C U2200"]
[Site "Medellin"]
[Date "2021.06.11"]
[Round "2"]
[White "Velasquez, Angie Gabriela"]
[Black "Zapata Cuartas, Juan Carlos"]
[Result "0-1"]
[WhiteElo "1942"]
[BlackElo "2075"]
[PlyCount "72"]
[EventDate "2021.06.10"]
[EventType "swiss"]
[EventRounds "7"]
[EventCountry "COL"]
[SourceTitle "EXT 2022"]
[Source "ChessBase"]
[SourceDate "2021.10.06"]
[SourceVersion "1"]
[SourceVersionDate "2021.10.06"]
[SourceQuality "1"]

1. e4 c5 2. Nf3 d6 3. d4 cxd4 4. Nxd4 Nf6 5. Nc3 a6 6. Bc4 e6 7. 0-0 b5 8. Bb3 Bb7 9. Re1 Nc6 10. a4 b4 11. Nd5 Nxd4 12. Qxd4 exd5 13. exd5+ Be7 14. Bd2 a5 15. c3 bxc3 16. Bxc3 0-0 17. Re3 Ne8 18. Bc2 Bf6 19. Qe4 g6 20. Rg3 Bxc3 21. bxc3 Nf6 22. Qf4 Nh5 23. Qd4 Nxg3 24. hxg3 Re8 25. c4 Rc8 26. Bd3 Rc5 27. f4 Qc7 28. f5 Qe7 29. Kf2 Qg5 30. Rf1 Qd2+ 31. Kf3 Bc8 32. f6 Re5 33. g4 Bd7 34. Rb1 Rc8 35. c5 Rce8 36. g3 Re3+ 0-1

[Event "COL-ch U20 Girls"]
[Site "Tolima"]
[Date "2020.02.12"]
[Round "1"]
[White "Velasquez, Angie Gabriela"]
[Black "Almanza Avila, Nataly"]
[Result "1/2-1/2"]
[WhiteElo "1982"]
[BlackElo "1399"]
[PlyCount "64"]
[EventDate "2020.02.12"]
[EventType "swiss"]
[EventRounds "7"]
[EventCountry "COL"]
[SourceTitle "CBM 195 Extra"]
[Source "ChessBase"]
[SourceDate "2020.05.31"]
[SourceVersion "1"]
[SourceVersionDate "2020.05.31"]
[SourceQuality "1"]

1. e4 c5 2. Nf3 d6 3. d4 cxd4 4. Nxd4 Nf6 5. Nc3 a6 6. Bc4 e6 7. a4 Be7 8. Bb3 Nbd7 9. 0-0 Qc7 10. Kh1 b6 11. f4 Bb7 12. Re1 h5 13. f5 e5 14. Nf3 Nc5 15. Ng5 Nxb3 16. cxb3 Ng4 17. Nh3 Qc5 18. Bd2 d5 19. Nxd5 Bxd5 20. exd5 Qxd5 21. Bc3 Qxd1 22. Raxd1 f6 23. Re2 Rd8 24. Rde1 Kf7 25. Nf4 Bc5 26. Ne6 Nf2+ 27. Rxf2 Bxf2 28. Nxd8+ Rxd8 29. Rf1 a5 30. g3 Bc5 31. Re1 Rd3 32. Re2 Bb4 1/2-1/2

[Event "COL-chT rapid (Women)"]
[Site "Cartagena"]
[Date "2019.11.29"]
[Round "7.4"]
[White "Villota Munoz, Gabriela Ana"]
[Black "Velasquez, Angie Gabriela"]
[Result "0-1"]
[WhiteElo "1178"]
[BlackElo "1762"]
[PlyCount "44"]
[EventDate "2019.11.29"]
[EventType "team-swiss"]
[EventRounds "7"]
[EventCountry "COL"]
[SourceTitle "CBM 193 Extra"]
[Source "ChessBase"]
[SourceDate "2020.01.31"]
[SourceVersion "1"]
[SourceVersionDate "2020.01.31"]
[SourceQuality "1"]
[WhiteTeam "Narino (W)"]
[BlackTeam "Cundinamarca (W)"]
[WhiteTeamCountry "COL"]
[BlackTeamCountry "COL"]

1. d4 d5 2. c4 dxc4 3. Qa4+ c6 4. Qxc4 Nf6 5. Nf3 e6 6. Qd3 Be7 7. Nc3 Nbd7 8. e3 Nf8 9. Be2 Ng6 10. g3 b6 11. h3 Bb7 12. 0-0 0-0 13. b3 Qc7 14. Nd2 Rfd8 15. Nde4 c5 16. Nxf6+ Bxf6 17. Ne4 Bxe4 18. Qxe4 cxd4 19. exd4 Bxd4 20. Rb1 Qxg3+ 21. Qg2 Qe5 22. Bf3 Nh4 0-1

[Event "COL-chT (Women)"]
[Site "Cartagena"]
[Date "2019.11.26"]
[Round "5.2"]
[White "Velasquez, Angie Gabriela"]
[Black "Rojas Castillo, Andrea Lizeth"]
[Result "1-0"]
[WhiteElo "1957"]
[BlackElo "1659"]
[PlyCount "89"]
[EventDate "2019.11.24"]
[EventType "team-swiss"]
[EventRounds "7"]
[EventCountry "COL"]
[SourceTitle "CBM 193 Extra"]
[Source "ChessBase"]
[SourceDate "2020.01.31"]
[SourceVersion "1"]
[SourceVersionDate "2020.01.31"]
[SourceQuality "1"]
[WhiteTeam "Cundinamarca (W)"]
[BlackTeam "Boyaca (W)"]
[WhiteTeamCountry "COL"]
[BlackTeamCountry "COL"]

1. e4 c5 2. Nf3 Nf6 3. Nc3 d5 4. Bb5+ Bd7 5. Bxd7+ Qxd7 6. exd5 Nxd5 7. Nxd5 Qxd5 8. d3 e6 9. Be3 Nc6 10. c3 Be7 11. Qc2 0-0 12. 0-0 Rac8 13. Rfd1 Qd7 14. d4 cxd4 15. Nxd4 Nxd4 16. Bxd4 Qc7 17. Rd3 Bc5 18. Bxc5 Qxc5 19. Rad1 Qb6 20. Qd2 h6 21. b3 Qc5 22. Rg3 Qh5 23. c4 Rcd8 24. Rd3 Rxd3 25. Qxd3 Qa5 26. Rd2 Rc8 27. h3 Qc7 28. Qd7 Kf8 29. Qa4 Qe5 30. Qb4+ Kg8 31. Qxb7 Qe1+ 32. Kh2 Qxd2 33. Qxc8+ Kh7 34. Qc5 Qxa2 35. Qe3 Qa5 36. c5 Qc7+ 37. g3 Kg8 38. b4 Kf8 39. b5 Ke7 40. b6 Qb7 41. Qd4 axb6 42. Qd6+ Ke8 43. cxb6 Qf3 44. Qb8+ Kd7 45. Qa7+ 1-0

[Event "COL-chT (Women)"]
[Site "Cartagena"]
[Date "2019.11.24"]
[Round "2.2"]
[White "Chirivi Castiblanco, Jenny Astrid"]
[Black "Velasquez, Angie Gabriela"]
[Result "1/2-1/2"]
[WhiteElo "2188"]
[BlackElo "1957"]
[PlyCount "122"]
[EventDate "2019.11.24"]
[EventType "team-swiss"]
[EventRounds "7"]
[EventCountry "COL"]
[SourceTitle "CBM 193 Extra"]
[Source "ChessBase"]
[SourceDate "2020.01.31"]
[SourceVersion "1"]
[SourceVersionDate "2020.01.31"]
[SourceQuality "1"]
[WhiteTeam "Antioquia (W)"]
[BlackTeam "Cundinamarca (W)"]
[WhiteTeamCountry "COL"]
[BlackTeamCountry "COL"]

1. d4 d5 2. c4 dxc4 3. Nf3 Nf6 4. g3 e6 5. Bg2 c5 6. 0-0 Nc6 7. e3 cxd4 8. exd4 Be7 9. Be3 0-0 10. Nbd2 Bd7 11. Nxc4 Nb4 12. Nfe5 Nbd5 13. Qb3 b6 14. Bd2 Rc8 15. Ne3 Bc6 16. Nxc6 Rxc6 17. Rac1 Rd6 18. Nc4 Rd7 19. Ne5 Rb7 20. Rc2 Bd6 21. Rfc1 Rc7 22. Rxc7 Bxc7 23. Bg5 Bb8 24. Bxd5 Qxd5 25. Bxf6 Qxb3 26. axb3 gxf6 27. Nc6 Kg7 28. b4 Rc8 29. b5 Kf8 30. Kf1 Ke8 31. b4 Bd6 32. Ra1 Rc7 33. Ke2 Kd7 34. Kd3 h5 35. Kc3 Ke8 36. Kb3 e5 37. d5 e4 38. Re1 f5 39. f3 Kd7 40. fxe4 fxe4 41. Rxe4 Rc8 42. Rh4 Rh8 43. Nxa7 Rh6 44. Nc6 Rf6 45. Rxh5 Rf3+ 46. Kc4 Rf1 47. Rh7 Ke8 48. Rh5 Kd7 49. Kd4 Rd1+ 50. Ke4 Rb1 51. g4 Bxb4 52. Ne5+ Ke8 53. Rh8+ Ke7 54. Nd3 Bd6 55. h4 Rxb5 56. h5 Rb1 57. h6 Rg1 58. Rg8 Rh1 59. g5 Rh4+ 60. Ke3 Rh3+ 61. Kd2 b5 1/2-1/2

[Event "COL-ch U2000"]
[Site "Moniquira"]
[Date "2019.07.20"]
[Round "2"]
[White "Arciniegas Castro, Santiago"]
[Black "Velasquez, Angie Gabriela"]
[Result "1/2-1/2"]
[WhiteElo "1850"]
[BlackElo "1910"]
[PlyCount "51"]
[EventDate "2018.07.19"]
[EventType "swiss"]
[EventRounds "7"]
[EventCountry "COL"]
[SourceTitle "EXT 2021"]
[Source "ChessBase"]
[SourceDate "2020.10.23"]
[SourceVersion "1"]
[SourceVersionDate "2020.10.23"]
[SourceQuality "1"]

1. e4 c5 2. Nf3 e6 3. d4 cxd4 4. Nxd4 Nc6 5. Nc3 a6 6. Nxc6 bxc6 7. Bd3 Nf6 8. 0-0 Bb7 9. Re1 Qc7 10. Qf3 Bd6 11. h3 c5 12. Qe2 Be5 13. Bd2 h6 14. b3 0-0 15. Rab1 Rfe8 16. Na4 d5 17. exd5 exd5 18. Qf1 Qc6 19. Bc3 Bxc3 20. Rxe8+ Rxe8 21. Nxc3 c4 22. bxc4 dxc4 23. Bxc4 Rc8 24. Bd3 Rc7 25. Rb3 Re7 26. Ne2 1/2-1/2

[Event "COL-chT Interligas (Women)"]
[Site "Palmira"]
[Date "2019.04.28"]
[Round "4.4"]
[White "Ceballos Castellanos, Isabela"]
[Black "Velasquez, Angie Gabriela"]
[Result "0-1"]
[WhiteElo "1409"]
[BlackElo "1922"]
[PlyCount "130"]
[EventDate "2019.04.27"]
[EventType "team-swiss"]
[EventRounds "6"]
[EventCountry "COL"]
[SourceTitle "CBM 190 Extra"]
[Source "ChessBase"]
[SourceDate "2019.07.15"]
[SourceVersion "1"]
[SourceVersionDate "2019.07.15"]
[SourceQuality "1"]
[WhiteTeam "Caldas (W)"]
[BlackTeam "Cundinamarca (W)"]
[WhiteTeamCountry "COL"]
[BlackTeamCountry "COL"]

1. e4 c5 2. Nf3 e6 3. d3 a6 4. g3 b5 5. c3 Bb7 6. Bg2 Qc7 7. 0-0 Nf6 8. Re1 d6 9. Nbd2 Be7 10. Nf1 Nbd7 11. Ne3 d5 12. exd5 Nxd5 13. Nxd5 Bxd5 14. Qe2 0-0 15. Bg5 Bd6 16. h4 h6 17. Bd2 Rad8 18. c4 Bc6 19. Nh2 Bxg2 20. Kxg2 Be5 21. Rab1 Bd4 22. Nf3 Bf6 23. Qe4 Qd6 24. g4 Be7 25. g5 h5 26. g6 e5 27. gxf7+ Rxf7 28. Bg5 Rdf8 29. Re3 g6 30. Bh6 Re8 31. Nxe5 Nxe5 32. Qxe5 Qc6+ 33. Qd5 Qxd5+ 34. cxd5 Rd8 35. Rbe1 Bxh4 36. Re8+ Kh7 37. Rxd8 Bxd8 38. Be3 Rd7 39. Bxc5 Rxd5 40. Be7 Rxd3 41. Bxd8 Rxd8 42. Re7+ Kh6 43. Re6 Ra8 44. f4 Kg7 45. Kg3 Kf7 46. Rb6 Kg7 47. Kh4 Rf8 48. Kg3 Rf6 49. Rb7+ Kh6 50. b3 h4+ 51. Kg4 h3 52. Rb8 Kg7 53. Rb7+ Rf7 54. Rxf7+ Kxf7 55. Kxh3 Kg7 56. Kg3 a5 57. Kf3 Kf6 58. Ke4 Ke6 59. Kd4 a4 60. b4 Kf5 61. Ke3 Kg4 62. Ke4 Kg3 63. a3 Kg4 64. Ke5 Kf3 65. Kd5 Kxf4 0-1

[Event "COL-ch U2300"]
[Site "Pereira"]
[Date "2019.03.25"]
[Round "8"]
[White "Aponte Castillo, Jose Ernesto"]
[Black "Velasquez, Angie Gabriela"]
[Result "0-1"]
[WhiteElo "2071"]
[BlackElo "1922"]
[PlyCount "92"]
[EventDate "2019.03.21"]
[EventType "swiss"]
[EventRounds "9"]
[EventCountry "COL"]
[SourceTitle "CBM 189 Extra"]
[Source "ChessBase"]
[SourceDate "2019.06.03"]
[SourceVersion "1"]
[SourceVersionDate "2019.06.03"]
[SourceQuality "1"]

1. Nf3 d5 2. g3 Nf6 3. Bg2 c5 4. 0-0 g6 5. d3 Bg7 6. Nbd2 0-0 7. e4 Nc6 8. exd5 Nxd5 9. Re1 b6 10. Nc4 Bb7 11. a4 a6 12. c3 b5 13. Ne3 e6 14. h4 h6 15. h5 g5 16. axb5 axb5 17. Rxa8 Bxa8 18. Qb3 b4 19. Bd2 bxc3 20. bxc3 Nce7 21. Nc4 Nf6 22. Be3 Bxf3 23. Bxf3 Qxd3 24. Kg2 Nfd5 25. Bxc5 Qxc3 26. Qxc3 Bxc3 27. Rd1 Rc8 28. Bxe7 Nxe7 29. Ne3 Rc7 30. Rc1 Kg7 31. Nd1 Ba5 32. Rxc7 Bxc7 33. Ne3 Bb6 34. Nc4 Bc5 35. Ne5 Nf5 36. Bc6 Bd4 37. Nd3 Nd6 38. Ba8 f5 39. f3 Kf6 40. g4 Nc4 41. Bb7 Ne3+ 42. Kg3 fxg4 43. fxg4 Be5+ 44. Kf3 Nd5 45. Nc5 Bd6 46. Bc8 Bxc5 0-1

[Event "COL-ch U2300"]
[Site "Pereira"]
[Date "2019.03.24"]
[Round "6"]
[White "Velasquez, Angie Gabriela"]
[Black "Nunez V, Gustavo Eduardo"]
[Result "0-1"]
[WhiteElo "1922"]
[BlackElo "2170"]
[PlyCount "98"]
[EventDate "2019.03.21"]
[EventType "swiss"]
[EventRounds "9"]
[EventCountry "COL"]
[SourceTitle "CBM 189 Extra"]
[Source "ChessBase"]
[SourceDate "2019.06.03"]
[SourceVersion "1"]
[SourceVersionDate "2019.06.03"]
[SourceQuality "1"]

1. e4 c5 2. Nf3 e6 3. d4 cxd4 4. Nxd4 a6 5. Bc4 Nf6 6. Nc3 Qc7 7. Bb3 b5 8. f3 Bd6 9. a3 Bxh2 10. Be3 Bg3+ 11. Kf1 Bb7 12. Qd2 Nc6 13. Nde2 Bd6 14. Rd1 Be7 15. Nd5 exd5 16. exd5 Na5 17. d6 Nxb3 18. cxb3 Qxd6 19. Qxd6 Bxd6 20. Rxd6 Nd5 21. Bc5 Rc8 22. b4 Bc6 23. Nc3 Nxc3 24. bxc3 0-0 25. Kf2 Rfe8 26. Rhd1 f6 27. R6d3 Kf7 28. Re3 Re6 29. Rd6 Rxe3 30. Kxe3 Re8+ 31. Kf2 h5 32. Rd1 g5 33. g3 Rh8 34. Ke2 h4 35. gxh4 Rxh4 36. Bf2 Rh8 37. Rd3 f5 38. f4 gxf4 39. Rd4 Re8+ 40. Kd1 Re4 41. Rd2 Kg6 42. Re2 Kh5 43. Kd2 Bd5 44. Bd4 Bc4 45. Rf2 Kh4 46. Rg2 Kh3 47. Rg6 f3 48. Rf6 f2 49. Bxf2 Re2+ 0-1

[Event "COL-ch U2300"]
[Site "Pereira"]
[Date "2019.03.23"]
[Round "5"]
[White "Hernandez Pinzon, Helvert"]
[Black "Velasquez, Angie Gabriela"]
[Result "1/2-1/2"]
[WhiteElo "2017"]
[BlackElo "1922"]
[PlyCount "63"]
[EventDate "2019.03.21"]
[EventType "swiss"]
[EventRounds "9"]
[EventCountry "COL"]
[SourceTitle "CBM 189 Extra"]
[Source "ChessBase"]
[SourceDate "2019.06.03"]
[SourceVersion "1"]
[SourceVersionDate "2019.06.03"]
[SourceQuality "1"]

1. e4 c5 2. Nf3 e6 3. d4 cxd4 4. Nxd4 a6 5. g3 d5 6. Bg2 dxe4 7. Bxe4 Nf6 8. Bg2 Be7 9. 0-0 0-0 10. Nc3 Nbd7 11. Be3 Qc7 12. a3 Nb6 13. Qe2 Bd7 14. Bf4 Bd6 15. Bxd6 Qxd6 16. Rad1 Qc7 17. Rfe1 Rac8 18. Ne4 Nbd5 19. Nxf6+ Nxf6 20. c3 Rfe8 21. f4 Rcd8 22. Rd2 Bc8 23. h3 h6 24. Qe5 Qd6 25. Qxd6 Rxd6 26. Red1 e5 27. fxe5 Rxe5 28. Nf3 Rxd2 29. Rxd2 Re8 30. Nd4 b6 31. Re2 Rxe2 32. Nxe2 1/2-1/2

[Event "Tunja Boyacense op"]
[Site "Tunja"]
[Date "2018.12.15"]
[Round "5"]
[White "Velasquez, Angie Gabriela"]
[Black "Pino Villarreal, Maria del Pilar"]
[Result "1-0"]
[WhiteElo "1911"]
[BlackElo "1630"]
[PlyCount "51"]
[EventDate "2018.12.13"]
[EventType "swiss"]
[EventRounds "7"]
[EventCountry "COL"]
[SourceTitle "CBM 187 Extra"]
[Source "ChessBase"]
[SourceDate "2018.11.04"]
[SourceVersion "1"]
[SourceVersionDate "2018.11.04"]
[SourceQuality "1"]

1. e4 c5 2. Nf3 e6 3. d4 cxd4 4. Nxd4 a6 5. Bc4 Bc5 6. Bb3 Nc6 7. Be3 Qc7 8. 0-0 Nf6 9. Nc3 b5 10. Ndxb5 axb5 11. Bxc5 Ba6 12. Re1 Rd8 13. e5 Ng8 14. Ne4 Nge7 15. Nd6+ Kf8 16. Qh5 g6 17. Qh6+ Kg8 18. Qf4 Nf5 19. Nxf5 exf5 20. Bxf7+ Kg7 21. Bd6 Qa7 22. e6 dxe6 23. Bxe6 Rhe8 24. Be5+ Kf8 25. Qh6+ Ke7 26. Qxh7+ 1-0

[Event "COL-ch (Women)"]
[Site "Bogota"]
[Date "2018.11.07"]
[Round "2"]
[White "Rodriguez, Carolina"]
[Black "Velasquez, Angie Gabriela"]
[Result "0-1"]
[WhiteElo "1737"]
[BlackElo "1982"]
[PlyCount "102"]
[EventDate "2018.11.06"]
[EventType "swiss"]
[EventRounds "9"]
[EventCountry "COL"]
[SourceTitle "CBM 187 Extra"]
[Source "ChessBase"]
[SourceDate "2018.11.04"]
[SourceVersion "1"]
[SourceVersionDate "2018.11.04"]
[SourceQuality "1"]

1. e4 c5 2. Nf3 e6 3. d4 cxd4 4. Nxd4 a6 5. g3 b5 6. Bg2 Bb7 7. 0-0 Qc7 8. Be3 Nf6 9. Nd2 d5 10. Re1 Nc6 11. Nxe6 fxe6 12. exd5 Ne7 13. Bf4 Qc8 14. Ne4 Nexd5 15. Nxf6+ Nxf6 16. Bxb7 Qxb7 17. Rxe6+ Kf7 18. Qe2 Qd7 19. Re3 Bc5 20. Rd1 Qg4 21. Qxg4 Nxg4 22. Rd7+ Kg8 23. Rf3 h6 24. Rc7 Bd4 25. c3 Bf6 26. h3 Ne5 27. Bxe5 Bxe5 28. Rd7 Kh7 29. Re3 Rhe8 30. Kg2 Bf6 31. Red3 Re6 32. f4 Rae8 33. Kf3 Rb6 34. R3d6 Re6 35. Rxb6 Rxb6 36. Rd2 Kg8 37. Ke4 Kf7 38. f5 Be7 39. h4 Rc6 40. h5 b4 41. Rc2 bxc3 42. bxc3 Rc4+ 43. Kd5 Rc5+ 44. Ke4 Kf6 45. g4 Rc4+ 46. Kd5 Rxg4 47. c4 Rg5 48. Rb2 Rxf5+ 49. Ke4 Re5+ 50. Kf4 Bc5 51. Rb7 Rxh5 0-1

[Event "COL-chT (Women)"]
[Site "Ibague"]
[Date "2018.10.12"]
[Round "3.3"]
[White "Argote Heredia, Valentina"]
[Black "Velasquez, Angie Gabriela"]
[Result "1/2-1/2"]
[WhiteElo "2032"]
[BlackElo "1943"]
[PlyCount "74"]
[EventDate "2018.10.11"]
[EventType "team-swiss"]
[EventRounds "6"]
[EventCountry "COL"]
[SourceTitle "CBM 186 Extra"]
[Source "ChessBase"]
[SourceDate "2018.08.24"]
[SourceVersion "1"]
[SourceVersionDate "2018.08.24"]
[SourceQuality "1"]
[WhiteTeam "Valle (W)"]
[BlackTeam "Cundinamarca (W)"]
[WhiteTeamCountry "COL"]
[BlackTeamCountry "COL"]

1. e4 c5 2. Nf3 e6 3. d4 cxd4 4. Nxd4 a6 5. c4 Nf6 6. Nc3 Qc7 7. Be2 Bb4 8. Qd3 Nc6 9. 0-0 Ne5 10. Qg3 Bxc3 11. bxc3 0-0 12. Bh6 Ne8 13. Bf4 d6 14. Bxe5 dxe5 15. Nf3 Nf6 16. Bd3 Nd7 17. Rfd1 b6 18. Rd2 Bb7 19. Bc2 Rad8 20. Rad1 f6 21. Nd4 Rfe8 22. Nb3 a5 23. Nd4 Nc5 24. Nb5 Qe7 25. Qe3 Rxd2 26. Rxd2 Rd8 27. f3 Kf7 28. Qe1 Ba6 29. Qd1 Rxd2 30. Qxd2 Bxb5 31. cxb5 Qd7 32. Qxd7+ Nxd7 33. h4 Nc5 34. Kf2 h6 35. Ke3 g5 36. h5 Ke7 37. g3 Kd6 1/2-1/2

[Event "Bogota AlphaZero op"]
[Site "Bogota"]
[Date "2018.08.20"]
[Round "7"]
[White "Reyes Aristizabal, Andres"]
[Black "Velasquez, Angie Gabriela"]
[Result "0-1"]
[WhiteElo "1661"]
[BlackElo "1943"]
[PlyCount "84"]
[EventDate "2018.08.17"]
[EventType "swiss"]
[EventRounds "7"]
[EventCountry "COL"]
[SourceTitle "CBM 186 Extra"]
[Source "ChessBase"]
[SourceDate "2018.08.24"]
[SourceVersion "1"]
[SourceVersionDate "2018.08.24"]
[SourceQuality "1"]

1. d4 d5 2. e3 e6 3. Bd3 Nf6 4. Nd2 Nbd7 5. f4 Be7 6. Ngf3 b6 7. 0-0 c5 8. c3 Qc7 9. Ne5 Bb7 10. a4 c4 11. Bc2 a6 12. Qf3 0-0 13. Rf2 Rac8 14. g4 g6 15. Qh3 Ne4 16. Nxe4 dxe4 17. g5 Nxe5 18. dxe5 Rcd8 19. Bd2 Rd7 20. Raf1 Rfd8 21. Be1 b5 22. Rg2 Qb6 23. Rff2 Bc5 24. a5 Qxa5 25. Re2 Qb6 26. Rg4 a5 27. Rh4 Kf8 28. Rxh7 Ke7 29. Kf2 b4 30. Rxf7+ Kxf7 31. Qh7+ Ke8 32. Qxg6+ Rf7 33. Ba4+ Ke7 34. Qh6 Bxe3+ 35. Kg2 Bxf4 36. Bh4 e3+ 37. Kg1 Rd1+ 38. Bxd1 Kd7 39. Ba4+ Bc6 40. Bc2 Qc5 41. Qh5 Re7 42. g6 Qd5 0-1

[Event "COL pre olympic sf3"]
[Site "Dosquebradas"]
[Date "2018.06.01"]
[Round "5"]
[White "Nunez V, Gustavo Eduardo"]
[Black "Velasquez, Angie Gabriela"]
[Result "1-0"]
[WhiteElo "2149"]
[BlackElo "1785"]
[PlyCount "43"]
[EventDate "2018.05.30"]
[EventType "swiss"]
[EventRounds "10"]
[EventCountry "COL"]
[SourceTitle "CBM 184 Extra"]
[Source "ChessBase"]
[SourceDate "2018.06.28"]
[SourceVersion "1"]
[SourceVersionDate "2018.06.28"]
[SourceQuality "1"]

1. c4 c5 2. Nf3 Nc6 3. d4 cxd4 4. Nxd4 e6 5. Nc3 a6 6. g3 g6 7. Bg2 Bg7 8. Nc2 Nge7 9. 0-0 0-0 10. Bf4 b6 11. Qd2 Bb7 12. Rfd1 d5 13. cxd5 Nxd5 14. Nxd5 exd5 15. Bxd5 Bxb2 16. Rab1 Bg7 17. Qe3 Bd4 18. Qe4 Re8 19. Qg2 Qf6 20. Nxd4 Nxd4 21. Rxd4 Qxd4 22. Bxb7 1-0

[Event "World Amateur-ch U2300"]
[Site "Cagliari"]
[Date "2018.04.28"]
[Round "8"]
[White "Messina, Giuseppe Ottavio"]
[Black "Velasquez, Angie Gabriela"]
[Result "1-0"]
[WhiteElo "2007"]
[BlackElo "1797"]
[PlyCount "119"]
[EventDate "2018.04.22"]
[EventType "swiss"]
[EventRounds "9"]
[EventCountry "ITA"]
[SourceTitle "CBM 184 Extra"]
[Source "ChessBase"]
[SourceDate "2018.06.28"]
[SourceVersion "1"]
[SourceVersionDate "2018.06.28"]
[SourceQuality "1"]

1. e4 c5 2. c3 e6 3. d4 d5 4. e5 Nc6 5. Nf3 Qb6 6. a3 Bd7 7. b4 cxd4 8. cxd4 Nge7 9. Be2 Nf5 10. Bb2 Be7 11. 0-0 0-0 12. Bd3 Kh8 13. Bc2 a5 14. g4 Nh6 15. Bc1 Ng8 16. Qd3 g6 17. b5 Na7 18. a4 Nxb5 19. Qb3 Bb4 20. axb5 Bxb5 21. Bd3 Bxd3 22. Qxd3 Qc6 23. Bg5 Rac8 24. Rc1 Qd7 25. Nc3 Rc6 26. Ne2 Be7 27. Rxc6 Qxc6 28. Rc1 Qd7 29. Qc3 Bxg5 30. Nxg5 h6 31. Nf3 a4 32. Qb4 Kg7 33. Rc5 Ra8 34. Qb5 Qd8 35. Qxb7 Rb8 36. Qa7 Rb3 37. Rc3 Rb2 38. Rc7 Qe8 39. Nc3 h5 40. g5 Kf8 41. Nxa4 Rb3 42. Kg2 Rb1 43. Nc5 Rd1 44. Rb7 Kg7 45. h4 Rc1 46. Nd7 Rc8 47. Nb6 Rd8 48. Kg3 Qf8 49. Nd7 Qe8 50. Nf6 Qf8 51. Ne1 Ra8 52. Qc5 Qd8 53. Nxg8 Qxg8 54. Qe7 Qe8 55. Qf6+ Kg8 56. Nc2 Rc8 57. Nb4 Qf8 58. Na6 Qa3+ 59. Kg2 Qf8 60. Nc5 1-0

[Event "World Amateur-ch U2300"]
[Site "Cagliari"]
[Date "2018.04.24"]
[Round "4"]
[White "Janiszewski, Maciej"]
[Black "Velasquez, Angie Gabriela"]
[Result "1-0"]
[WhiteElo "2129"]
[BlackElo "1797"]
[PlyCount "70"]
[EventDate "2018.04.22"]
[EventType "swiss"]
[EventRounds "9"]
[EventCountry "ITA"]
[SourceTitle "CBM 184 Extra"]
[Source "ChessBase"]
[SourceDate "2018.06.28"]
[SourceVersion "1"]
[SourceVersionDate "2018.06.28"]
[SourceQuality "1"]

1. e4 c5 2. Nf3 e6 3. b4 cxb4 4. d4 d5 5. e5 Nc6 6. Bd3 Nge7 7. a3 Ng6 8. h4 Qb6 9. h5 Nge7 10. axb4 Nxb4 11. Be2 Bd7 12. c3 Nbc6 13. Na3 a6 14. 0-0 Rc8 15. c4 Qc7 16. c5 g6 17. Bg5 gxh5 18. Nc2 Rg8 19. Qd2 Nf5 20. Qf4 h6 21. Bf6 Be7 22. Bxe7 Rg4 23. Qh2 Kxe7 24. Qxh5 Rcg8 25. g3 Ke8 26. Kh2 Qd8 27. Rfb1 Bc8 28. Rb6 Nce7 29. Rab1 R4g6 30. Bd3 Rg4 31. Bf1 R4g6 32. Bh3 Qd7 33. Ra1 Qd8 34. Nb4 Qd7 35. Nd3 Nc6 1-0

[Event "COL-ch U18 Girls"]
[Site "Cali"]
[Date "2018.04.15"]
[Round "9"]
[White "Velasquez, Angie Gabriela"]
[Black "Valencia Lopez, Daily Vanessa"]
[Result "1/2-1/2"]
[WhiteElo "1797"]
[BlackElo "1648"]
[PlyCount "75"]
[EventDate "2018.04.10"]
[EventType "tourn"]
[EventRounds "9"]
[EventCountry "COL"]
[SourceTitle "CBM 184 Extra"]
[Source "ChessBase"]
[SourceDate "2018.06.28"]
[SourceVersion "1"]
[SourceVersionDate "2018.06.28"]
[SourceQuality "1"]

1. e4 c5 2. Nf3 d6 3. Bc4 Nf6 4. Nc3 a6 5. a4 g6 6. 0-0 Bg7 7. d4 cxd4 8. Nxd4 0-0 9. Re1 Qc7 10. Bb3 Nc6 11. f3 Nxd4 12. Qxd4 Nd7 13. Qe3 Bxc3 14. bxc3 Ne5 15. Qd4 Nc6 16. Qf2 Bd7 17. Rb1 Rab8 18. Be3 b5 19. axb5 axb5 20. Red1 Rfc8 21. Qe1 Nd8 22. Bd2 Be6 23. Kh1 Bc4 24. Qh4 Qd7 25. Bg5 f6 26. Bd2 Qe6 27. h3 Ra8 28. Qf2 Kg7 29. Qe3 Nf7 30. h4 Ra6 31. Rb2 Rca8 32. Rdb1 Ra1 33. Qe1 Rxb1 34. Rxb1 Qc8 35. Qe3 Qc6 36. Qd4 Ne5 37. Qe3 Nf7 38. Qd4 1/2-1/2